Foundations of early childhood : principles and practice (Record no. 4295)

MARC details
000 -LEADER
fixed length control field 00678nam a22002177a 4500
003 - CONTROL NUMBER IDENTIFIER
control field OSt
005 - DATE AND TIME OF LATEST TRANSACTION
control field 20250826085134.0
008 - FIXED-LENGTH DATA ELEMENTS--GENERAL INFORMATION
fixed length control field 250826b |||||||| |||| 00| 0 eng d
020 ## - INTERNATIONAL STANDARD BOOK NUMBER
International Standard Book Number 9781446255285
040 ## - CATALOGING SOURCE
Original cataloging agency DWCL-Main lib
Transcribing agency OC
082 ## - DEWEY DECIMAL CLASSIFICATION NUMBER
Classification number Circ. 372.21 F771 2014
100 ## - MAIN ENTRY--PERSONAL NAME
Personal name Mukherji, Penny
245 ## - TITLE STATEMENT
Title Foundations of early childhood : principles and practice
Statement of responsibility, etc. Penny Mukherji
260 ## - PUBLICATION, DISTRIBUTION, ETC.
Place of publication, distribution, etc. Los Angeles :
Name of publisher, distributor, etc. SAGE Publications,
Date of publication, distribution, etc. c2014.
300 ## - PHYSICAL DESCRIPTION
Extent xvii, 414 pages ;
Dimensions 23 cm.
504 ## - BIBLIOGRAPHY, ETC. NOTE
Bibliography, etc. note Includes glossary
600 ## - SUBJECT ADDED ENTRY--PERSONAL NAME
Source of heading or term Early childhood education.
650 ## - SUBJECT ADDED ENTRY--TOPICAL TERM
Source of heading or term 1. Early childhood education.
650 ## - SUBJECT ADDED ENTRY--TOPICAL TERM
Source of heading or term 2. Education.
942 ## - ADDED ENTRY ELEMENTS (KOHA)
Source of classification or shelving scheme Dewey Decimal Classification
Koha item type Book Circulation
Call number prefix Circ.
Suppress in OPAC No
952 ## - LOCATION AND ITEM INFORMATION (KOHA)
--
Holdings
Withdrawn status Lost status Source of classification or shelving scheme Damaged status Not for loan Home library Current library Shelving location Date acquired Source of acquisition Total Checkouts Full call number Barcode Date last seen Copy number Price effective from Koha item type Uniform Resource Identifier
    Dewey Decimal Classification     College Library College Library Circulation 08/07/2015 School Fund   Circ. 372.21 F771 2014 51090 08/26/2025 c1 08/26/2025 BK-CIRC